Las empresas multinacionales y la política social
Furkejuvvon:
| Searvvušdahkkit: | , |
|---|---|
| Materiálatiipa: | Girji |
| Giella: | espánnjágiella |
| Almmustuhtton: |
Ginebra
OIT
1973
|
| Ráidu: | Estudios y Documentos. Nueva Serie, 79
|
| Fáttát: | |
| Fáddágilkorat: |
Lasit fáddágilkoriid
Eai fáddágilkorat, Lasit vuosttaš fáddágilkora!
|
MARC
| LEADER | 00000nam a2200000 a 4500 | ||
|---|---|---|---|
| 001 | UCR9725 | ||
| 003 | CL-VaPUC | ||
| 008 | 980613e19730000SZ |||||||||||||||||spa|d | ||
| 082 | 0 | 4 | |a 338.88 |b OIT |2 21 |
| 110 | 2 | |a OIT |e author |9 412559 | |
| 710 | 2 | |a Oficina Internacional del Trabajo |e author |9 412560 | |
| 245 | 1 | 4 | |a Las empresas multinacionales y la política social |
| 300 | |a 198 p | ||
| 942 | |c BK | ||
| 945 | |d 19980613 00:00:00 |a crobeson | ||
| 260 | |a Ginebra |b OIT |c 1973 | ||
| 650 | 0 | |a Multinacionales |9 256382 | |
| 650 | 0 | |a Política social |9 257588 | |
| 650 | 7 | |a ECONOMIA NACIONAL |2 CL-VaPUC |9 338222 | |
| 650 | 7 | |a COMERCIO INTERNACIONAL |2 CL-VaPUC |9 412561 | |
| 650 | 7 | |a ECONOMIA DEL TRABAJO |2 CL-VaPUC |9 320317 | |
| 650 | 0 | |a Condiciones de trabajo |9 359118 | |
| 650 | 0 | |a Relaciones laborales |9 335971 | |
| 583 | |a last modification |c 19980613 00:00:00 |k Rodrigo Vera | ||
| 490 | 0 | |a Estudios y Documentos. Nueva Serie, 79 | |
| 999 | |c 270902 |d 270900 | ||
| 952 | |0 0 |1 0 |4 0 |6 338_880000000000000_OIT_1973 |7 0 |8 A |9 305358 |a BIBGIM |b BIBGIM |d 2019-11-20 |i 1418327 |o 338.88 OIT 1973 |p 1418327 |r 2025-01-15 |w 2019-11-20 |y BK |k SSL | ||